000 00316nam a2200133 i 4500
001 bg
100 1 _aWARMUS, Mieczysław.
245 0 _aWektory i macierze.
_nT.1 /
_cMieczysław Warmus.
260 _aWarszawa,
_c1981.
040 _cBPK
041 _apol
942 _cKS
008 s pl f |000 0 pol
999 _c20150
_d20150
856 _uhttp://koha.tu.koszalin.pl/cgi-bin/koha/opac-detail.pl?biblionumber=20150
_yKatalog online BPK